000 00742cab a2200241 4500
001 WB3128-08
008 090401t1995 xxu||||| |||| 00| 0 eng d
035 _a(Sirsi) u35356
041 _aeng
245 _aGranada service stations sale
260 _c1995
350 _a0
490 _aDaily Telegraph
_v14 July 1995, 23(1)
520 _aGranada may be referred to the MMC unless the company sells some of its motorway service stations, which it acquired from Pavilion earlier in the year.
650 _aCOMPETITION
650 _aDISPOSAL
650 _aMONOPOLIES AND MERGERS COMMISSION
650 _aMOTORWAY SERVICE STATIONS
650 _aOFT
690 _aPROPERTY-COMMERCIAL PROPERTY
942 _n0
948 _c04/03/1997
999 _c23160
_d23160